حياة في الادارة / (Record no. 1654)

MARC details
000 -LEADER
fixed length control field 00672nam a2200193 ar4500
001 - CONTROL NUMBER
control field 1656
005 - DATE AND TIME OF LATEST TRANSACTION
control field 20221127090248.0
008 - FIXED-LENGTH DATA ELEMENTS--GENERAL INFORMATION
fixed length control field 100116s le 00010bara d
020 ## - INTERNATIONAL STANDARD BOOK NUMBER
Terms of availability رس 28.00
082 04 - DEWEY DECIMAL CLASSIFICATION NUMBER
Classification number 923.2531
Item number ق566
100 1# - MAIN ENTRY--PERSONAL NAME
Personal name القصيبي، غازي عبدالرحمن.
245 10 - TITLE STATEMENT
Title حياة في الادارة /
Statement of responsibility, etc. غازي القصيبي.
250 ## - EDITION STATEMENT
Edition statement ط. 10.
260 ## - PUBLICATION, DISTRIBUTION, ETC.
Place of publication, distribution, etc. بيروت :
Name of publisher, distributor, etc. المؤسسة العربية للدراسات والنشر،
Date of publication, distribution, etc. 2003.
300 ## - PHYSICAL DESCRIPTION
Extent 309 ص. ؛
Dimensions 24 سم.
600 04 - SUBJECT ADDED ENTRY--PERSONAL NAME
Personal name غازي عبدالرحمن القصيبي
Form subdivision مذكرات.
650 #4 - SUBJECT ADDED ENTRY--TOPICAL TERM
Topical term or geographic name entry element التراجم الذاتية.
650 #4 - SUBJECT ADDED ENTRY--TOPICAL TERM
Topical term or geographic name entry element الادارة العامة.
Holdings
Withdrawn status Lost status Source of classification or shelving scheme Damaged status Not for loan Home library Current library Date acquired Total Checkouts Full call number Barcode Date last seen Copy number Price effective from Koha item type
          CENTRAL CENTRAL 11/27/2022   923.2531 DE566 1000000005977 11/27/2022 C1 11/27/2022 Book